NGOs, states and donors (Record no. 4759)

MARC details
000 -CABECERA
campo de control de longitud fija 02280cam a2200337 a 4500
001 - NÚMERO DE CONTROL
campo de control 991106630002406196
005 - FECHA Y HORA DE LA ÚLTIMA TRANSACCIÓN
campo de control 20250618074431.0
008 - DATOS DE LONGITUD FIJA--INFORMACIÓN GENERAL
campo de control de longitud fija 970401s1997 enk b 101 0 eng
010 ## - NÚMERO DE CONTROL DE LA BIBLIOTECA DEL CONGRESO
Número de control de LC 96027848 //r96
020 ## - NÚMERO INTERNACIONAL ESTÁNDAR DEL LIBRO
Número Internacional Estándar del Libro 9780333665824
035 ## - NÚMERO DE CONTROL DEL SISTEMA
Número de control de sistema (UTL)938508-01utoronto_inst
035 ## - NÚMERO DE CONTROL DEL SISTEMA
Número de control de sistema (SIRSI)938508
035 ## - NÚMERO DE CONTROL DEL SISTEMA
Número de control de sistema (Sirsi) AYN-8571
035 ## - NÚMERO DE CONTROL DEL SISTEMA
Número de control de sistema (OCoLC)36717268
040 ## - FUENTE DE LA CATALOGACIÓN
Centro catalogador/agencia de origen DLC
Centro/agencia transcriptor DLC
Centro/agencia modificador DLC
-- CaOTU
041 ## - CÓDIGO DE LENGUA
Código de lengua del texto/banda sonora o título independiente eng
043 ## - CÓDIGO DE ÁREA GEOGRÁFICA
Código de área geográfica d------
050 00 - SIGNATURA TOPOGRÁFICA DE LA BIBLIOTECA DEL CONGRESO
Número de clasificación HC60
Número de documento/Ítem .N5 1996
245 00 - MENCIÓN DE TÍTULO
Título NGOs, states and donors
Resto del título : too close for comfort?
Mención de responsabilidad, etc. / edited by David Hulme and Michael Edwards.
260 ## - PUBLICACIÓN, DISTRIBUCIÓN, ETC.
Lugar de publicación, distribución, etc. Basingstoke, UK :
Nombre del editor, distribuidor, etc. Macmillan,
Fecha de publicación, distribución, etc. 1997.
300 ## - DESCRIPCIÓN FÍSICA
Extensión xvii, 309 pages :
Otras características físicas illustrations, graphs (black and white) ;
Dimensiones 21 cm.
490 ## - MENCIÓN DE SERIE
Mención de serie International political economy series
504 ## - NOTA DE BIBLIOGRAFÍA, ETC.
Nota de bibliografía, etc. Includes bibliographical references and index.
520 ## - SUMARIO, ETC.
Sumario, etc. In the last decade the use of non-governmental agencies (NGOs) to promote development and reduce poverty and hunger has become a major feature of development policy. Donors have poured funds into NGOs, governments have allocated them major responsibilities and their number and size has grown. Has this popularity helped them to solve the problems of poverty or has it changed them so that they are now part of the 'development industry' that they used to criticize? This book provides the most detailed study available of the ways in which NGO-State-Donor relationships have changed the role that NGOs play in development. Its papers are introduced by two international experts on the topic and the contributors are leading academics and senior practitioners. The picture that emerges from the general reviews and detailed case studies of African, Asian and Latin American NGOs, is a complex one. However, the authors conclude that there is much evidence that NGOs are 'losing their roots' - getting closer to donors and governments and more distant to the poor and disempowered who they seek to assist.
650 #0 - PUNTO DE ACCESO ADICIONAL DE MATERIA--TÉRMINO DE MATERIA
Término de materia o nombre geográfico como elemento de entrada Non-governmental organizations
Subdivisión general Congresses
9 (RLIN) 25492
650 #0 - PUNTO DE ACCESO ADICIONAL DE MATERIA--TÉRMINO DE MATERIA
Término de materia o nombre geográfico como elemento de entrada Economic assistance
Subdivisión general Congresses
9 (RLIN) 25493
651 #0 - PUNTO DE ACCESO ADICIONAL DE MATERIA--NOMBRE GEOGRÁFICO
Nombre geográfico Developing countries
Subdivisión general Economic policy
-- Congresses
9 (RLIN) 25494
700 ## - ENTRADA AGREGADA--NOMBRE PERSONAL
Nombre de persona Hulme, David
9 (RLIN) 25495
Término indicativo de función/relación editor
700 ## - ENTRADA AGREGADA--NOMBRE PERSONAL
Nombre de persona Edwards, Michael
Fechas asociadas al nombre 1957-
9 (RLIN) 25496
Término indicativo de función/relación editor
942 ## - ELEMENTOS DE ENTRADA AGREGADA (KOHA)
Fuente del sistema de clasificación o colocación Clasificación de Library of Congress
Holdings
Estado de retiro Estado de pérdida Fuente del sistema de clasificación o colocación Estado dañado No para préstamo Biblioteca de origen Biblioteca actual Fecha de adquisición Total de préstamos Signatura topográfica completa Código de barras Fecha visto por última vez Número de copia Precio válido a partir de Tipo de ítem Koha
    Clasificación de Library of Congress     TBS Barcelona TBS Barcelona 18/06/2025   HC60 HUL B02845 18/06/2025 1 18/06/2025 Book

Powered by Koha